〈ドラクエ〉 主人公から作品を当てる - Statistics

General Stats
  • This quiz has been taken 144 times
  • The average score is 7 of 10
Answer Stats
Hint Answer % Correct
主人公 Ⅷ 空と海と大地と呪われし姫君
81%
主人公 Ⅶ エデンの戦士たち
80%
主人公 Ⅱ 悪霊の神々
78%
主人公 Ⅰ (初代)
73%
主人公 Ⅴ 天空の花嫁
71%
主人公 Ⅲ そして伝説へ…
65%
主人公 Ⅸ 星空の守り人
65%
主人公 Ⅺ 過ぎ去りし時を求めて
65%
主人公 Ⅳ 導かれし者たち
63%
主人公 Ⅵ 幻の大地
59%
No matching quizzes found
Score Distribution
Percent of People with Each Score
Percentile by Number Answered
Your Score History
You have not taken this quiz